000 00462ntaaa2200181 4500
003 01
005 20251027202738.0
008 0714s1973 ag 01
040 _aAR-BaBN
_bspa
_cAR-BaBN
_eaacr
_dRIC
082 _a745.5000 Sch6m
100 _aScholz-Peters, Ruth
_927484
245 _aMuñequitos en un momento
250 _a1 ed.
260 _aBuenos Aires :
_bEditorial Kapelusz,
_cc1970
300 _a25 p
650 _atrabajos manuales
_917557
942 _cBK
999 _c22710
_d22710